Error correcting coding and security for data networks ,analysis of the super channel concept (Record no. 569197)

000 -LEADER
fixed length control field 00623nam a22001817a 4500
003 - CONTROL NUMBER IDENTIFIER
control field CEME
005 - DATE AND TIME OF LATEST TRANSACTION
control field 20210628202303.0
008 - FIXED-LENGTH DATA ELEMENTS--GENERAL INFORMATION
fixed length control field 210210b xxu||||| |||| 00| 0 eng d
020 ## - INTERNATIONAL STANDARD BOOK NUMBER
International Standard Book Number 0-470-86754-X
040 ## - CATALOGING SOURCE
Transcribing agency .
082 ## - DEWEY DECIMAL CLASSIFICATION NUMBER
Classification number 005.8 KAB
100 ## - MAIN ENTRY--PERSONAL NAME
Personal name Kabatiansky , G ,Krouk , E ,Semenov , S
9 (RLIN) 59152
245 ## - TITLE STATEMENT
Title Error correcting coding and security for data networks ,analysis of the super channel concept
260 ## - PUBLICATION, DISTRIBUTION, ETC.
Place of publication, distribution, etc. ENGLAND
Name of publisher, distributor, etc. JOHN WILEY
Date of publication, distribution, etc. 2005
300 ## - PHYSICAL DESCRIPTION
Extent IX,278P
650 ## - SUBJECT ADDED ENTRY--TOPICAL TERM
Topical term or geographic name entry element COMPUTER NETWORKS-SECURITY MEASURES.ERROR CORRECTING CODING. SECURITY OF DATA NETWORKS. NETWORKS SECURITY.
9 (RLIN) 59153
942 ## - ADDED ENTRY ELEMENTS (KOHA)
Koha item type Book
Source of classification or shelving scheme
Holdings
Withdrawn status Lost status Damaged status Not for loan Permanent Location Current Location Shelving location Date acquired Total Checkouts Full call number Barcode Date last seen Price effective from Koha item type
        College of Electrical & Mechanical Engineering (CEME) College of Electrical & Mechanical Engineering (CEME) General Stacks 07/18/2017   005.8 KAB CEME-40926 06/28/2021 06/28/2021 Book
© 2023 Central Library, National University of Sciences and Technology. All Rights Reserved.